| 000 | 00365 a2200109 4500 | ||
|---|---|---|---|
| 001 | ART_6874 | ||
| 005 | 20260410161622.0 | ||
| 008 | 260409a | ||
| 245 | 1 | 0 | _aLos principios de presupuesto público herramientas prioritarias para el control y la transparencia |
| 100 | 1 | _aAtchabahian, Adolfo | |
| 773 | 0 |
_tEnfoques _g- Nº 10 (oct. 2010) _wREV416 |
|
| 999 |
_c11597 _d11597 |
||